<?xml version="1.0" encoding="UTF-8"?>
<record
    xmlns:xsi="http://www.w3.org/2001/XMLSchema-instance"
    xsi:schemaLocation="http://www.loc.gov/MARC21/slim http://www.loc.gov/standards/marcxml/schema/MARC21slim.xsd"
    xmlns="http://www.loc.gov/MARC21/slim">

  <leader>00191nam a22000737a 4500</leader>
  <datafield tag="999" ind1=" " ind2=" ">
    <subfield code="c">532259</subfield>
    <subfield code="d">532259</subfield>
  </datafield>
  <datafield tag="245" ind1=" " ind2=" ">
    <subfield code="a">Design of steel structures / 3rd edition</subfield>
  </datafield>
  <datafield tag="942" ind1=" " ind2=" ">
    <subfield code="2">ddc</subfield>
    <subfield code="c">BK</subfield>
  </datafield>
  <datafield tag="952" ind1=" " ind2=" ">
    <subfield code="0">0</subfield>
    <subfield code="1">0</subfield>
    <subfield code="2">ddc</subfield>
    <subfield code="4">0</subfield>
    <subfield code="6">624_182100000000000_GAY</subfield>
    <subfield code="7">0</subfield>
    <subfield code="9">493644</subfield>
    <subfield code="a">NIT</subfield>
    <subfield code="b">NIT</subfield>
    <subfield code="d">2020-01-09</subfield>
    <subfield code="l">5</subfield>
    <subfield code="o">624.1821 GAY</subfield>
    <subfield code="p">NIT-4444</subfield>
    <subfield code="r">2023-06-13</subfield>
    <subfield code="s">2023-02-07</subfield>
    <subfield code="w">2020-01-09</subfield>
    <subfield code="y">BK</subfield>
  </datafield>
</record>
